[Event "26th 4NCL Congress"]
[Site "Woodland Grange, Leamington Spa"]
[Date "2021.09.12"]
[Round "4"]
[Board "25"]
[White "Li, Ethan Bingxuan"]
[Black "Jackson, Edward"]
[Result "0-1"]
[WhiteElo "1858"]
[BlackElo "2023"]
[PlyCount "106"]
[EventDate "2021.09.10"]
[EventRounds "5"]
[EventCountry "ENG"]

1. e4 c6 2. d4 d5 3. exd5 cxd5 4. Bd3 Nc6 5. c3 Nf6 6. Bf4 Bg4 7. Qb3 Qd7 8.
Nd2 e6 9. Ngf3 Bd6 10. Bg3 O-O 11. O-O Bh5 12. Rae1 Bg6 13. Bxg6 hxg6 14. Bxd6
Qxd6 15. Ne5 Rab8 16. Ndf3 b5 17. Ng5 b4 18. Qc2 Nh7 19. Nxh7 Kxh7 20. f4 Nxe5
21. fxe5 Qe7 22. Re3 f5 23. exf6 Rxf6 24. Rxf6 Qxf6 25. Rf3 Qg5 26. Rh3+ Kg8
27. Rg3 Qf5 28. Qxf5 gxf5 29. b3 Rc8 30. cxb4 Rc2 31. a4 Kf7 32. b5 Kf6 33. a5
f4 34. Rd3 Kf5 35. b4 Rb2 36. b6 a6 37. Rd1 g5 38. h3 Rxb4 39. Re1 Kf6 40. g3
Rb2 41. gxf4 gxf4 42. h4 Kf5 43. h5 Kg4 44. h6 Kg3 45. Rd1 f3 46. Kf1 Rh2 47.
Ke1 Rh1+ 48. Kd2 Rxd1+ 49. Kxd1 f2 50. b7 f1=Q+ 51. Kd2 Qf4+ 52. Kd3 Qb8 53. h7
Kf4  0-1

[Event "26th 4NCL Congress"]
[Site "Woodland Grange, Leamington Spa"]
[Date "2021.09.12"]
[Round "4"]
[Board "26"]
[White "Prince, Alan R"]
[Black "Zhu, Yaoyao"]
[Result "0-1"]
[WhiteElo "1765"]
[BlackElo "1993"]
[PlyCount "57"]
[EventDate "2021.09.10"]
[EventRounds "5"]
[EventCountry "ENG"]

1. Nf3 d5 2. g3 e6 3. Bg2 c5 4. O-O Nc6 5. d3 Bd6 6. Nbd2 Nge7 7. e4 O-O 8. Re1
f6 9. c3 Bc7 10. Nf1 Rb8 11. h4 b5 12. h5 dxe4 13. Rxe4 e5 14. d4 Bf5 15. Rh4
Be6 16. Ne3 exd4 17. cxd4 Bb6 18. dxc5 Qxd1+ 19. Nxd1 Bxc5 20. Be3 Bd6 21. Nd4
Nxd4 22. Rxd4 Nf5 23. Rd3 Nxe3 24. Rxd6 Nxd1 25. Rxe6 Rfd8 26. Re2 b4 27. Kf1
b3 28. Ke1 bxa2 29. Rxa2  0-1

[Event "26th 4NCL Congress"]
[Site "Woodland Grange, Leamington Spa"]
[Date "2021.09.12"]
[Round "4"]
[Board "27"]
[White "Shearsby, Jude"]
[Black "Pal, Rohan"]
[Result "1-0"]
[WhiteElo "1988"]
[BlackElo "1803"]
[PlyCount "59"]
[EventDate "2021.09.10"]
[EventRounds "5"]
[EventCountry "ENG"]

1. e4 c5 2. Nf3 Nc6 3. Bb5 g6 4. Bxc6 dxc6 5. d3 Bg7 6. h3 Nf6 7. Nc3 Nd7 8.
Be3 e5 9. Qd2 h5 10. O-O Qe7 11. a3 Nf8 12. b4 cxb4 13. axb4 Ne6 14. Bxa7 Qd7
15. Be3 Rxa1 16. Rxa1 g5 17. Ra5 b5 18. Ne2 Nf4 19. Ra7 Qe6 20. Nxf4 gxf4 21.
Bc5 Bf8 22. Qc3 f6 23. Nh4 f3 24. Nf5 Qg8 25. g4 Bxf5 26. Ra8+ Kd7 27. exf5 h4
28. Bxf8 Qg5 29. Ra7+ Ke8 30. Qxc6+  1-0

[Event "26th 4NCL Congress"]
[Site "Woodland Grange, Leamington Spa"]
[Date "2021.09.12"]
[Round "4"]
[Board "28"]
[White "Sheikh, Anum"]
[Black "Zheng, Harry Z"]
[Result "0-1"]
[WhiteElo "1990"]
[BlackElo "1915"]
[PlyCount "60"]
[EventDate "2021.09.10"]
[EventRounds "5"]
[EventCountry "ENG"]

1. e4 e5 2. Nf3 Nc6 3. Bb5 a6 4. Ba4 Nf6 5. O-O Be7 6. Re1 b5 7. Bb3 d6 8. h3
Na5 9. c3 Nxb3 10. Qxb3 Be6 11. Qc2 c5 12. a4 O-O 13. d4 Qc7 14. d5 Bd7 15. b3
c4 16. a5 Rfc8 17. b4 Rf8 18. Qe2 Kh8 19. Nbd2 Ng8 20. Nf1 f5 21. Ng3 Nf6 22.
Bg5 f4 23. Nh5 Ng8 24. Bxe7 Nxe7 25. Ng5 h6 26. Ne6 Bxe6 27. dxe6 g6 28. Qg4
gxh5 29. Qxh5 Kh7 30. g4 Qc8  0-1

[Event "26th 4NCL Congress"]
[Site "Woodland Grange, Leamington Spa"]
[Date "2021.09.12"]
[Round "4"]
[Board "29"]
[White "Khoury, Theo"]
[Black "Faulkner, Martin J"]
[Result "1/2-1/2"]
[WhiteElo "1947"]
[BlackElo "1988"]
[PlyCount "106"]
[EventDate "2021.09.10"]
[EventRounds "5"]
[EventCountry "ENG"]

1. e4 c5 2. Nf3 e6 3. d4 cxd4 4. Nxd4 a6 5. c4 Nf6 6. Nc3 Bb4 7. Qd3 O-O 8. Be2
Nc6 9. O-O Qc7 10. a3 Be7 11. Be3 Ne5 12. Qd2 Nfg4 13. Bf4 d6 14. h3 Nf6 15.
Rac1 b6 16. Rfd1 Bb7 17. f3 Rfd8 18. b4 Rac8 19. a4 Qb8 20. Qa2 Nh5 21. Bh2 Bg5
22. Rc2 Be3+ 23. Kh1 Bxd4 24. Rxd4 Nc6 25. Rcd2 e5 26. Bxe5 dxe5 27. Rxd8+ Rxd8
28. Nd5 Qd6 29. Rb2 Ng3+ 30. Kh2 Nxe2 31. Rxe2 Nxb4 32. Qa3 Bxd5 33. cxd5 Rc8
34. a5 bxa5 35. Qxa5 Nd3 36. Ra2 h6 37. Qxa6 Qxa6 38. Rxa6 Kf8 39. Ra7 Rd8 40.
h4 Rd6 41. Ra3 Nf4 42. g3 Ne2 43. Ra2 Nd4 44. f4 f6 45. Ra7 g5 46. fxg5 fxg5
47. hxg5 Nf3+ 48. Kh3 Nxg5+ 49. Kg4 Nxe4 50. Kf5 Nxg3+ 51. Kxe5 Rd8 52. Rh7 h5
53. Kf4 Rxd5  1/2-1/2

[Event "26th 4NCL Congress"]
[Site "Woodland Grange, Leamington Spa"]
[Date "2021.09.12"]
[Round "4"]
[Board "30"]
[White "Hymer, Barry J"]
[Black "Phillips, Max P"]
[Result "1-0"]
[WhiteElo "1983"]
[BlackElo "1638"]
[PlyCount "69"]
[EventDate "2021.09.10"]
[EventRounds "5"]
[EventCountry "ENG"]

1. d4 Nf6 2. Nf3 g6 3. Nc3 d5 4. Bf4 c6 5. Qd2 h5 6. Ne5 Bg7 7. O-O-O Bf5 8. f3
Nbd7 9. Kb1 Rc8 10. Re1 O-O 11. e4 dxe4 12. fxe4 Be6 13. Nf3 Nb6 14. Bh6 Nc4
15. Bxc4 Bxc4 16. h3 Kh7 17. Bxg7 Kxg7 18. g4 hxg4 19. hxg4 Rh8 20. Rxh8 Qxh8
21. Qg2 Kf8 22. Rh1 Qg7 23. Ng5 Ke8 24. e5 Nd5 25. Rh7 Nxc3+ 26. bxc3 Qg8 27.
Qh2 Kd7 28. Qf4 Rf8 29. Rh2 Kc8 30. Rf2 f6 31. Ne4 f5 32. Nc5 Bxa2+ 33. Kb2 Bd5
34. Qg5 Qh7 35. e6  1-0

[Event "26th 4NCL Congress"]
[Site "Woodland Grange, Leamington Spa"]
[Date "2021.09.12"]
[Round "4"]
[Board "31"]
[White "Sandhu, Manvith"]
[Black "De Coverly, Roger D"]
[Result "1-0"]
[WhiteElo "1928"]
[BlackElo "2021"]
[PlyCount "67"]
[EventDate "2021.09.10"]
[EventRounds "5"]
[EventCountry "ENG"]

1. e4 e5 2. Nf3 Nc6 3. Bb5 a6 4. Ba4 Nf6 5. d3 b5 6. Bb3 Be7 7. O-O O-O 8. c3
d6 9. h3 Na5 10. Bc2 Bb7 11. Re1 c5 12. Nbd2 Qc7 13. Nf1 Rfe8 14. Ng3 h6 15.
Nf5 Bf8 16. a4 b4 17. g4 d5 18. g5 hxg5 19. Bxg5 Nh7 20. Kh1 bxc3 21. bxc3 c4
22. Rg1 cxd3 23. Nxg7 Bxg7 24. Bh6 dxc2 25. Qxc2 Qd7 26. Kh2 Nf8 27. Rxg7+ Kh8
28. Ng5 Re7 29. exd5 f6 30. Ne6 Rxg7 31. Bxg7+ Kg8 32. Bxf8 Rxf8 33. Qg6+ Kh8
34. Qh6+  1-0

[Event "26th 4NCL Congress"]
[Site "Woodland Grange, Leamington Spa"]
[Date "2021.09.12"]
[Round "4"]
[Board "32"]
[White "Miller, George I"]
[Black "Ivan, Austin"]
[Result "1/2-1/2"]
[WhiteElo "1915"]
[BlackElo "1758"]
[PlyCount "48"]
[EventDate "2021.09.10"]
[EventRounds "5"]
[EventCountry "ENG"]

1. e4 c5 2. c4 e6 3. Nc3 Nc6 4. g3 d6 5. Bg2 a6 6. Nge2 Nd4 7. O-O Nf6 8. d3
Be7 9. Be3 e5 10. f4 Bd7 11. f5 b5 12. Nd5 Nxd5 13. cxd5 Nxe2+ 14. Qxe2 Bg5 15.
Bf2 a5 16. h4 Bf6 17. Be3 Rc8 18. Rac1 b4 19. Rf2 Bb5 20. Bf1 Qb6 21. Rh2 h5
22. Rf2 Qa6 23. b3 Kd7 24. Qd1 a4  1/2-1/2

[Event "26th 4NCL Congress"]
[Site "Woodland Grange, Leamington Spa"]
[Date "2021.09.12"]
[Round "5.1"]
[White "Hebden, Mark L"]
[Black "Bezuidenhout, Roland"]
[Result "0-1"]
[WhiteElo "2544"]
[BlackElo "2315"]
[PlyCount "0"]
[EventDate "2021.09.10"]

1. d4 {[%clk 01:30:50]} {[%emt 00:00:07]} Nf6 {[%clk 01:30:22]} {[%emt
00:00:39]} 2. Nf3 {[%clk 01:30:57]} {[%emt 00:00:23]} e6 {[%clk 01:30:39]}
{[%emt 00:00:13]} 3. c3 {[%clk 01:30:18]} {[%emt 00:01:09]} b6 {[%clk
01:29:38]} {[%emt 00:01:31]} 4. Bg5 {[%clk 01:30:40]} {[%emt 00:00:07]} Bb7
{[%clk 01:29:52]} {[%emt 00:00:17]} 5. Nbd2 {[%clk 01:31:03]} {[%emt 00:00:06]}
Be7 {[%clk 01:30:07]} {[%emt 00:00:15]} 6. e3 {[%clk 01:31:14]} {[%emt
00:00:20]} d6 {[%clk 01:29:32]} {[%emt 00:01:05]} 7. Bd3 {[%clk 01:30:19]}
{[%emt 00:01:24]} Nbd7 {[%clk 01:29:52]} {[%emt 00:00:10]} 8. O-O {[%clk
01:28:38]} {[%emt 00:02:11]} h6 {[%clk 01:30:06]} {[%emt 00:00:16]} 9. Bxf6
{[%clk 01:28:54]} {[%emt 00:00:14]} Bxf6 {[%clk 01:30:16]} {[%emt 00:00:20]} 10.
Qe2 {[%clk 01:29:03]} {[%emt 00:00:21]} O-O {[%clk 01:30:14]} {[%emt 00:00:33]}
11. Ba6 {[%clk 01:29:02]} {[%emt 00:00:30]} Qc8 {[%clk 01:30:12]} {[%emt
00:00:31]} 12. Bxb7 {[%clk 01:29:21]} {[%emt 00:00:12]} Qxb7 {[%clk 01:30:38]}
{[%emt 00:00:04]} 13. e4 {[%clk 01:29:21]} {[%emt 00:00:30]} c5 {[%clk
01:26:20]} {[%emt 00:04:49]} 14. Rfd1 {[%clk 01:23:58]} {[%emt 00:05:52]} Be7
{[%clk 01:26:20]} {[%emt 00:00:30]} 15. d5 {[%clk 01:24:02]} {[%emt 00:00:26]}
exd5 {[%clk 01:21:47]} {[%emt 00:05:03]} 16. exd5 {[%clk 01:24:25]} {[%emt
00:00:06]} Nf6 {[%clk 01:21:13]} {[%emt 00:01:05]} 17. Nc4 {[%clk 01:24:17]}
{[%emt 00:00:38]} Rfe8 {[%clk 01:20:59]} {[%emt 00:00:44]} 18. a4 {[%clk
01:24:11]} {[%emt 00:00:37]} Qd7 {[%clk 01:19:38]} {[%emt 00:01:51]} 19. Qd3
{[%clk 01:23:06]} {[%emt 00:01:34]} Nh5 {[%clk 01:16:05]} {[%emt 00:04:04]} 20.
Nfd2 {[%clk 01:18:35]} {[%emt 00:05:01]} Nf4 {[%clk 01:14:11]} {[%emt
00:02:24]} 21. Qf3 {[%clk 01:17:52]} {[%emt 00:01:13]} Ng6 {[%clk 01:14:13]}
{[%emt 00:00:26]} 22. Nf1 {[%clk 01:12:27]} {[%emt 00:05:56]} Bf6 {[%clk
01:12:30]} {[%emt 00:02:13]} 23. Nfe3 {[%clk 01:11:26]} {[%emt 00:01:31]} Ne5
{[%clk 01:10:49]} {[%emt 00:02:10]} 24. Nxe5 {[%clk 01:11:41]} {[%emt
00:00:15]} Bxe5 {[%clk 01:08:46]} {[%emt 00:02:34]} 25. h4 {[%clk 01:11:31]}
{[%emt 00:00:40]} g6 {[%clk 01:07:14]} {[%emt 00:02:02]} 26. h5 {[%clk
01:11:30]} {[%emt 00:00:32]} Bg7 {[%clk 01:04:26]} {[%emt 00:03:17]} 27. Nc4
{[%clk 01:11:07]} {[%emt 00:00:53]} Rad8 {[%clk 01:03:18]} {[%emt 00:01:39]} 28.
hxg6 {[%clk 01:05:40]} {[%emt 00:05:56]} fxg6 {[%clk 01:03:37]} {[%emt
00:00:10]} 29. Rd3 {[%clk 01:01:11]} {[%emt 00:04:59]} Kh7 {[%clk 01:01:11]}
{[%emt 00:02:56]} 30. Qh3 {[%clk 00:57:52]} {[%emt 00:03:49]} Qf7 {[%clk
01:00:20]} {[%emt 00:01:22]} 31. Rad1 {[%clk 00:53:49]} {[%emt 00:04:33]} Qf4
{[%clk 01:00:06]} {[%emt 00:00:45]} 32. b3 {[%clk 00:53:46]} {[%emt 00:00:33]}
Re2 {[%clk 00:55:00]} {[%emt 00:05:35]} 33. Qf3 {[%clk 00:51:13]} {[%emt
00:03:03]} Qxf3 {[%clk 00:52:08]} {[%emt 00:03:23]} 34. Rxf3 {[%clk 00:51:36]}
{[%emt 00:00:07]} Kg8 {[%clk 00:50:17]} {[%emt 00:02:20]} 35. g3 {[%clk
00:51:23]} {[%emt 00:00:43]} Rf8 {[%clk 00:47:09]} {[%emt 00:03:38]} 36. Rdd3
{[%clk 00:43:19]} {[%emt 00:08:33]} Re1+ {[%clk 00:46:24]} {[%emt 00:01:16]} 37.
Kg2 {[%clk 00:43:43]} {[%emt 00:00:06]} Rxf3 {[%clk 00:46:27]} {[%emt
00:00:28]} 38. Kxf3 {[%clk 00:42:16]} {[%emt 00:01:56]} Bf8 {[%clk 00:46:38]}
{[%emt 00:00:19]} 39. Nd2 {[%clk 00:38:10]} {[%emt 00:04:36]} Kf7 {[%clk
00:45:45]} {[%emt 00:01:23]} 40. Re3 {[%clk 00:37:43]} {[%emt 00:00:57]} Ra1
{[%clk 00:41:22]} {[%emt 00:04:53]} 41. Re6 {[%clk 00:35:11]} {[%emt 00:03:01]}
Rc1 {[%clk 00:40:53]} {[%emt 00:00:58]} 42. c4 {[%clk 00:35:01]} {[%emt
00:00:42]} Rc3+ {[%clk 00:40:39]} {[%emt 00:00:43]} 43. Ke2 {[%clk 00:34:37]}
{[%emt 00:00:55]} Be7 {[%clk 00:40:53]} {[%emt 00:00:16]} 44. Re3 {[%clk
00:33:25]} {[%emt 00:01:42]} Rxe3+ {[%clk 00:36:58]} {[%emt 00:04:25]} 45. Kxe3
{[%clk 00:33:39]} {[%emt 00:00:15]} Kf6 {[%clk 00:37:02]} {[%emt 00:00:26]} 46.
f4 {[%clk 00:32:53]} {[%emt 00:01:17]} Kf5 {[%clk 00:34:05]} {[%emt 00:03:26]}
47. Kf3 {[%clk 00:33:14]} {[%emt 00:00:09]} h5 {[%clk 00:34:06]} {[%emt
00:00:29]} 48. Nf1 {[%clk 00:33:37]} {[%emt 00:00:08]} g5 {[%clk 00:31:58]}
{[%emt 00:02:37]} 49. Ne3+ {[%clk 00:33:53]} {[%emt 00:00:14]} Kf6 {[%clk
00:32:15]} {[%emt 00:00:13]} 50. Ke4 {[%clk 00:33:14]} {[%emt 00:01:08]} Bf8
{[%clk 00:27:28]} {[%emt 00:05:17]} 51. Nd1 {[%clk 00:30:11]} {[%emt 00:03:34]}
Bg7 {[%clk 00:24:48]} {[%emt 00:03:10]} 52. Nc3 {[%clk 00:29:31]} {[%emt
00:01:10]} a6 {[%clk 00:24:26]} {[%emt 00:00:52]} 53. Kf3 {[%clk 00:29:14]}
{[%emt 00:00:46]} Kf5 {[%clk 00:22:07]} {[%emt 00:02:50]} 54. Ne4 {[%clk
00:25:42]} {[%emt 00:04:03]} g4+ {[%clk 00:22:00]} {[%emt 00:00:36]} 55. Ke3
{[%clk 00:26:10]} {[%emt 00:00:02]} Bd4+ {[%clk 00:21:17]} {[%emt 00:01:13]} 56.
Kd3 {[%clk 00:23:44]} {[%emt 00:02:56]} h4 {[%clk 00:21:39]} {[%emt 00:00:09]}
57. Nxd6+ {[%clk 00:24:02]} {[%emt 00:00:11]} Kg6 {[%clk 00:21:51]} {[%emt
00:00:17]} 58. Ke2 {[%clk 00:24:20]} {[%emt 00:00:13]} hxg3 {[%clk 00:21:17]}
{[%emt 00:01:04]} 59. Kf1 {[%clk 00:24:41]} {[%emt 00:00:10]} Be3 {[%clk
00:20:47]} {[%emt 00:00:59]} 60. Nc8 {[%clk 00:24:21]} {[%emt 00:00:50]} Bxf4
{[%clk 00:19:30]} {[%emt 00:01:47]} 61. Nxb6 {[%clk 00:24:30]} {[%emt
00:00:22]} Kf5 {[%clk 00:19:15]} {[%emt 00:00:44]} 62. Kg2 {[%clk 00:18:23]}
{[%emt 00:06:37]} Ke4 {[%clk 00:19:04]} {[%emt 00:00:41]} 63. Nc8 {[%clk
00:17:58]} {[%emt 00:00:56]} Kd3 {[%clk 00:19:02]} {[%emt 00:00:31]} 64. d6
{[%clk 00:18:20]} {[%emt 00:00:08]} Kc3 {[%clk 00:18:36]} {[%emt 00:00:55]} 65.
d7 {[%clk 00:18:41]} {[%emt 00:00:09]} Bc7 {[%clk 00:18:19]} {[%emt 00:00:47]}
66. a5 {[%clk 00:17:27]} {[%emt 00:01:45]} Bxa5 {[%clk 00:15:17]} {[%emt
00:03:33]} 67. Nd6 {[%clk 00:16:57]} {[%emt 00:00:59]} Bc7 {[%clk 00:13:31]}
{[%emt 00:02:14]} 68. Nb7 {[%clk 00:17:16]} {[%emt 00:00:13]} Kb4 {[%clk
00:13:25]} {[%emt 00:00:36]} 69. Kg1 {[%clk 00:14:41]} {[%emt 00:03:05]} a5
{[%clk 00:13:10]} {[%emt 00:00:45]} 70. Kg2 {[%clk 00:14:47]} {[%emt 00:00:24]}
Kxb3 {[%clk 00:12:56]} {[%emt 00:00:44]} 71. Nxc5+ {[%clk 00:14:57]} {[%emt
00:00:20]} Kxc4 {[%clk 00:12:31]} {[%emt 00:00:55]} 72. Na4 {[%clk 00:15:18]}
{[%emt 00:00:10]} Kb5 {[%clk 00:12:29]} {[%emt 00:00:31]} 73. Nc3+ {[%clk
00:14:47]} {[%emt 00:01:01]} Kc6 {[%clk 00:12:46]} {[%emt 00:00:13]} 74. d8=Q
{[%clk 00:15:11]} {[%emt 00:00:07]} Bxd8 {[%clk 00:13:08]} {[%emt 00:00:07]} 75.
Kxg3 {[%clk 00:15:38]} {[%emt 00:00:04]} Bf6 {[%clk 00:13:08]} {[%emt
00:00:29]} 76. Nb1 {[%clk 00:15:46]} {[%emt 00:00:22]} Kc5 {[%clk 00:13:01]}
{[%emt 00:00:36]} 77. Kxg4 {[%clk 00:16:11]} {[%emt 00:00:05]} Kb4 {[%clk
00:13:19]} {[%emt 00:00:12]} 78. Kf5 {[%clk 00:16:32]} {[%emt 00:00:10]} Bc3
{[%clk 00:12:59]} {[%emt 00:00:49]} 79. Ke4 {[%clk 00:16:52]} {[%emt 00:00:09]}
Kb3 {[%clk 00:13:16]} {[%emt 00:00:13]} 0-1

[Event "26th 4NCL Congress"]
[Site "Woodland Grange, Leamington Spa"]
[Date "2021.09.12"]
[Round "5.2"]
[White "Okhai, Shabir"]
[Black "Clarke, Brandon Gi"]
[Result "0-1"]
[WhiteElo "2215"]
[BlackElo "2520"]
[PlyCount "0"]
[EventDate "2021.09.10"]

1. e4 {[%clk 01:30:59]} c5 {[%clk 01:26:45]} {[%emt 00:04:05]} 2. Nf3 {[%clk
01:31:26]} {[%emt 00:00:12]} d6 {[%clk 01:26:47]} {[%emt 00:00:27]} 3. Bb5+
{[%clk 01:31:51]} {[%emt 00:00:06]} Nd7 {[%clk 01:27:01]} {[%emt 00:00:16]} 4.
a4 {[%clk 01:32:12]} {[%emt 00:00:09]} Ngf6 {[%clk 01:26:26]} {[%emt 00:01:04]}
5. Nc3 {[%clk 01:32:11]} {[%emt 00:00:31]} a6 {[%clk 01:21:33]} {[%emt
00:05:24]} 6. Be2 {[%clk 01:31:49]} {[%emt 00:00:52]} b6 {[%clk 01:21:29]}
{[%emt 00:00:34]} 7. d4 {[%clk 01:31:29]} {[%emt 00:00:49]} cxd4 {[%clk
01:20:04]} {[%emt 00:01:55]} 8. Qxd4 {[%clk 01:31:50]} {[%emt 00:00:10]} Bb7
{[%clk 01:18:50]} {[%emt 00:01:44]} 9. O-O {[%clk 01:31:48]} {[%emt 00:00:32]}
e5 {[%clk 01:11:36]} {[%emt 00:07:44]} 10. Qe3 {[%clk 01:31:01]} {[%emt
00:01:16]} Ng4 {[%clk 01:11:09]} {[%emt 00:00:57]} 11. Qg5 {[%clk 01:27:01]}
{[%emt 00:04:29]} Ngf6 {[%clk 01:07:40]} {[%emt 00:04:00]} 12. Qe3 {[%clk
01:26:48]} {[%emt 00:00:43]} Be7 {[%clk 01:01:54]} {[%emt 00:06:16]} 13. Nd2
{[%clk 01:25:08]} {[%emt 00:02:10]} O-O {[%clk 01:00:28]} {[%emt 00:01:57]} 14.
Rd1 {[%clk 01:19:17]} {[%emt 00:06:20]} Qc7 {[%clk 00:59:50]} {[%emt 00:01:07]}
15. Nc4 {[%clk 01:07:23]} {[%emt 00:12:24]} Rab8 {[%clk 00:58:15]} {[%emt
00:02:05]} 16. Kh1 {[%clk 01:00:43]} {[%emt 00:07:10]} Ba8 {[%clk 00:51:51]}
{[%emt 00:06:55]} 17. f3 {[%clk 00:58:15]} {[%emt 00:02:57]} Nc5 {[%clk
00:49:11]} {[%emt 00:03:10]} 18. Qf2 {[%clk 00:56:05]} {[%emt 00:02:40]} Rfd8
{[%clk 00:41:40]} {[%emt 00:08:02]} 19. Ne3 {[%clk 00:55:28]} {[%emt 00:01:07]}
h6 {[%clk 00:31:09]} {[%emt 00:11:01]} 20. Nf5 {[%clk 00:53:51]} {[%emt
00:02:06]} Bf8 {[%clk 00:24:58]} {[%emt 00:06:42]} 21. Qh4 {[%clk 00:51:49]}
{[%emt 00:02:31]} d5 {[%clk 00:22:03]} {[%emt 00:03:25]} 22. Bxh6 {[%clk
00:45:20]} {[%emt 00:06:59]} Ne6 {[%clk 00:16:15]} {[%emt 00:06:18]} 23. exd5
{[%clk 00:40:13]} {[%emt 00:05:38]} Nxd5 {[%clk 00:15:13]} {[%emt 00:01:32]} 24.
Ne4 {[%clk 00:39:32]} {[%emt 00:01:10]} Ndf4 {[%clk 00:11:58]} {[%emt
00:03:45]} 25. Bxf4 {[%clk 00:23:34]} {[%emt 00:16:28]} Bxe4 {[%clk 00:12:21]}
{[%emt 00:00:08]} 26. Bxe5 {[%clk 00:17:32]} {[%emt 00:06:32]} Qxe5 {[%clk
00:12:49]} {[%emt 00:00:01]} 27. Qxe4 {[%clk 00:17:53]} {[%emt 00:00:09]} Qxb2
{[%clk 00:13:17]} {[%emt 00:00:02]} 28. Bd3 {[%clk 00:13:33]} {[%emt 00:04:50]}
g6 {[%clk 00:13:23]} {[%emt 00:00:25]} 29. Qg4 {[%clk 00:12:13]} {[%emt
00:01:49]} Qf6 {[%clk 00:12:29]} {[%emt 00:01:24]} 30. Ng3 {[%clk 00:10:21]}
{[%emt 00:02:22]} Bg7 {[%clk 00:12:25]} {[%emt 00:00:34]} 31. Rab1 {[%clk
00:10:03]} {[%emt 00:00:48]} Rd4 {[%clk 00:12:24]} {[%emt 00:00:31]} 32. Ne4
{[%clk 00:10:05]} {[%emt 00:00:28]} Qe5 {[%clk 00:12:07]} {[%emt 00:00:48]} 33.
Qg3 {[%clk 00:06:24]} {[%emt 00:04:10]} Qxg3 {[%clk 00:12:03]} {[%emt
00:00:34]} 34. Nxg3 {[%clk 00:05:07]} {[%emt 00:01:47]} Rxa4 {[%clk 00:12:31]}
{[%emt 00:00:03]} 35. Be4 {[%clk 00:04:58]} {[%emt 00:00:38]} Rd4 {[%clk
00:11:59]} {[%emt 00:01:01]} 36. Ne2 {[%clk 00:04:47]} {[%emt 00:00:42]} Rxd1+
{[%clk 00:12:09]} {[%emt 00:00:21]} 37. Rxd1 {[%clk 00:05:16]} {[%emt
00:00:01]} a5 {[%clk 00:12:04]} {[%emt 00:00:35]} 38. Rd7 {[%clk 00:01:25]}
{[%emt 00:04:20]} Nc5 {[%clk 00:11:58]} {[%emt 00:00:37]} 39. Ra7 {[%clk
00:01:30]} {[%emt 00:00:25]} Nxe4 {[%clk 00:12:08]} {[%emt 00:00:19]} 40. fxe4
{[%clk 00:01:59]} Rc8 {[%clk 00:12:18]} {[%emt 00:00:21]} 41. c3 {[%clk
00:01:40]} {[%emt 00:00:48]} Bxc3 {[%clk 00:11:29]} {[%emt 00:01:19]} 42. Nxc3
{[%clk 00:02:09]} {[%emt 00:00:01]} Rxc3 {[%clk 00:11:58]} {[%emt 00:00:02]} 43.
h3 {[%clk 00:01:21]} {[%emt 00:01:17]} Rc4 {[%clk 00:12:23]} {[%emt 00:00:05]}
44. Ra6 {[%clk 00:01:19]} {[%emt 00:00:33]} Rb4 {[%clk 00:12:51]} {[%emt
00:00:01]} 45. g4 {[%clk 00:00:48]} {[%emt 00:01:01]} a4 {[%clk 00:13:12]}
{[%emt 00:00:09]} 46. Kg2 {[%clk 00:01:11]} {[%emt 00:00:08]} b5 {[%clk
00:13:34]} {[%emt 00:00:08]} 47. Kf3 {[%clk 00:01:19]} {[%emt 00:00:21]} Rb3+
{[%clk 00:13:38]} {[%emt 00:00:27]} 48. Kf4 {[%clk 00:01:45]} {[%emt 00:00:03]}
Rxh3 {[%clk 00:13:43]} {[%emt 00:00:26]} 49. e5 {[%clk 00:01:50]} {[%emt
00:00:24]} a3 {[%clk 00:13:53]} {[%emt 00:00:20]} 50. e6 {[%clk 00:01:43]}
{[%emt 00:00:37]} fxe6 {[%clk 00:13:56]} {[%emt 00:00:27]} 51. Kg5 {[%clk
00:01:55]} {[%emt 00:00:19]} Kf7 {[%clk 00:07:08]} {[%emt 00:07:18]} 52. Ra7+
{[%clk 00:02:20]} {[%emt 00:00:05]} Ke8 {[%clk 00:07:34]} {[%emt 00:00:04]} 53.
Kxg6 {[%clk 00:02:44]} {[%emt 00:00:05]} b4 {[%clk 00:07:42]} {[%emt 00:00:22]}
54. g5 {[%clk 00:03:00]} {[%emt 00:00:14]} Rh2 {[%clk 00:05:58]} {[%emt
00:02:14]} 55. Kf6 {[%clk 00:03:14]} {[%emt 00:00:16]} a2 {[%clk 00:06:12]}
{[%emt 00:00:17]} 56. g6 {[%clk 00:02:24]} {[%emt 00:01:19]} b3 {[%clk
00:06:20]} {[%emt 00:00:22]} 57. g7 {[%clk 00:00:45]} {[%emt 00:02:09]} Rg2
{[%clk 00:06:49]} {[%emt 00:00:02]} 58. Ra8+ {[%clk 00:00:35]} {[%emt
00:00:40]} Kd7 {[%clk 00:07:17]} {[%emt 00:00:02]} 59. Ra7+ {[%clk 00:00:45]}
{[%emt 00:00:20]} Kc6 {[%clk 00:07:39]} {[%emt 00:00:08]} 60. Ra6+ {[%clk
00:00:35]} {[%emt 00:00:40]} Kb5 {[%clk 00:08:05]} {[%emt 00:00:03]} 0-1